[Event "45th Olympiad 2024"]
[Site "Budapest HUN"]
[Date "2024.09.14"]
[Round "4.53"]
[Board "3"]
[White "Cupid, Kevin"]
[Black "Wanasunia, Elvis Likoko"]
[Result "1/2-1/2"]
[WhiteElo "2201"]
[BlackElo "1942"]
[PlyCount "126"]
[EventDate "2024.09.11"]
[WhiteTeam "Trinidad & Tobago"]
[BlackTeam "Kenya"]
[BlackTeamCountry "KEN"]

1. d4 Nf6 2. Nf3 g6 3. Bf4 c5 4. e3 Bg7 5. Nbd2 cxd4 6. exd4 O-O 7. Bc4 d5 ({RR} 7... Nc6 8. O-O d5 9. Be2 Qb6 10. Nb3 Bg4 11. c3 Ne4 12. h3 Bf5 13. a4 a6 14. a5 Qd8 15. Re1 Rc8 16. Bf1 Re8 17. Bh2 h5 18. Ne5 Nxe5 19. Bxe5 Bxe5 20. dxe5 e6 21. Nd4 h4 22. Qc1 {1-0 Dubov,D (2710)-Drygalov,A (2475) Titled Tue 12th Dec Late 2023 (8)}) 8. Bb3 $146 ({RR} 8. Bd3 Nc6 9. c3 a6 10. O-O b5 11. a3 Qb6 12. Qe2 Re8 13. Ne5 Na5 14. Ndf3 Nc4 15. Ng5 Nd6 16. Rae1 a5 17. h4 b4 18. axb4 axb4 19. Be3 Ba6 20. c4 dxc4 21. Nxc4 Nxc4 22. Bxc4 Bxc4 {1-0 Lansimaki,V (1933)-Rauramaa,K (2209) Vantaa We EtVaS 2009 (3)}) 8... Nc6 9. O-O Bg4 10. h3 Bf5 11. c3 Rc8 12. Re1 Na5 13. Qe2 Re8 14. Ne5 Nxb3 15. axb3 a6 16. b4 Qb6 17. g4 Be6 18. Qf3 Rcd8 19. Qg3 Rc8 20. Nd3 Bd7 21. Nc5 Bc6 22. Be5 Qd8 23. Qh4 e6 24. g5 Nh5 25. Nf3 h6 26. Bxg7 hxg5 27. Nxg5 Kxg7 28. Rxe6 Kg8 29. Rxe8+ Qxe8 30. Nd3 Qe2 31. Qg4 Re8 32. Qf3 f6 33. Qxe2 Rxe2 34. Nf3 Bb5 35. Rd1 Bxd3 36. Rxd3 Nf4 37. Rd2 Nxh3+ 38. Kf1 Re7 39. Nh4 Nf4 40. Nf3 Rh7 41. Kg1 Re7 42. Kf1 Rh7 43. Kg1 Kf7 44. Ne1 Ke6 45. Ng2 Nh3+ 46. Kf1 Kf5 47. Ne3+ Ke4 48. Ng4 Kf5 49. Ne3+ Ke6 50. Ng2 Kf5 51. Ne3+ Ke4 52. Ng4 Kf5 53. Ne3+ Ke6 54. Ng2 Kd6 55. Rd3 Ng5 56. Nf4 Rh1+ 57. Kg2 Rb1 58. Rd2 Ne4 59. Re2 g5 60. Nh5 Rd1 61. f3 Rd2 62. Kf1 Rd1+ 63. Kg2 Rd2 1/2-1/2

[Event "45th Olympiad 2024"]
[Site "Budapest HUN"]
[Date "2024.09.14"]
[Round "4.53"]
[Board "4"]
[White "Mutuge Ian"]
[Black "Harper, Ryan"]
[Result "0-1"]
[WhiteElo "1938"]
[BlackElo "2124"]
[PlyCount "70"]
[EventDate "2024.09.11"]
[WhiteTeam "Kenya"]
[BlackTeam "Trinidad & Tobago"]
[WhiteTeamCountry "KEN"]

1. e4 e5 2. Nf3 Nc6 3. Bb5 a6 4. Ba4 Nf6 5. d3 b5 6. Bb3 Bc5 7. a4 Rb8 8. axb5 axb5 9. O-O d6 10. Be3 ({RR} 10. h3 h6 11. Nc3 O-O 12. Ne2 Re8 13. c3 Bb6 14. Ng3 Be6 15. Re1 d5 16. Be3 Bxe3 17. Rxe3 dxe4 18. dxe4 Qxd1+ 19. Bxd1 Ra8 20. Rc1 Ra2 21. b4 Bc4 22. Be2 Bxe2 23. Nxe2 Rb2 24. Ng3 Na7 {1-0 Nakamura,H (2736)-Dominguez Perez,L (2758) Saint Louis Blitz 2020 (6)}) ({RR} 10. h3 O-O 11. Bg5 h6 12. Bh4 Re8 13. Nc3 Be6 14. Bd5 Bxd5 15. Nxd5 g5 16. Nxg5 Nxd5 17. exd5 hxg5 18. Qg4 Nd4 19. Bxg5 Qc8 20. Qh5 Qf5 21. c3 Ne2+ 22. Kh2 Nf4 23. Qh6 Nxd5 24. Rae1 Qh7 {0-1 Kopczynski,M (2225)-Kleiman,J (2399) Titled Tue 16th Jan Late 2024 (3)}) 10... Bb6 $146 ({RR} 10... O-O 11. h3 Bxe3 12. fxe3 d5 13. exd5 Nxd5 14. Qe1 Be6 15. Nc3 Nxc3 16. Qxc3 Bxb3 17. Qxb3 Rb6 18. Rf2 Qe7 19. Nd2 Qc5 20. Rf3 Qb4 21. c3 Qd6 22. d4 exd4 23. exd4 b4 24. Ne4 Qd8 25. Qc4 {1-0 Perez Mitjans,O (2478)-Quevedo Marin,M (2204) San Sebastian de los Reyes op 17th 2015 (4)}) ({RR} 10... Bg4 11. h3 Bxf3 12. Qxf3 Nd4 13. Bxd4 Bxd4 14. c3 Bc5 15. Rd1 Qe7 16. Nd2 O-O 17. Nf1 b4 18. Bc4 bxc3 19. bxc3 Rb2 20. Ne3 g6 21. d4 Bb6 22. Ra2 {½-½ Zhigalko,S (2653)-Lalith,B (2565) Warsaw Najdorf Memorial op-A 14th 2016 (7)}) 11. Qe1 O-O 12. Nbd2 Re8 13. Bxb6 Rxb6 14. Ra8 h6 15. Qa1 Rf8 16. Re1 Nb8 17. Nf1 Bb7 18. Ra2 Nbd7 19. c3 d5 20. exd5 Nc5 21. Bc2 Bxd5 22. Ra3 Bxf3 23. gxf3 Ne6 24. Rxe5 Ng5 25. Nd2 Nd7 26. Re3 Nh3+ 27. Kf1 Rg6 28. Ke1 Rg1+ 29. Nf1 Qg5 30. Kd2 Qg2 31. Re1 Qxf2+ 32. Re2 Qxf3 33. c4 Rxf1 34. Bd1 b4 35. Ra7 Nf4 0-1

[Event "45th Olympiad 2024"]
[Site "Budapest HUN"]
[Date "2024.09.14"]
[Round "4.54"]
[Board "1"]
[White "Thomas, Saah"]
[Black "El Jawich, Amro"]
[Result "0-1"]
[WhiteElo "1939"]
[BlackElo "2296"]
[PlyCount "82"]
[EventDate "2024.09.11"]
[WhiteTeam "Liberia"]
[BlackTeam "Lebanon"]
[WhiteTeamCountry "LBR"]
[BlackTeamCountry "LBN"]

1. e4 c5 2. Nc3 a6 3. a4 Nc6 4. Bc4 e6 5. f4 Nge7 6. e5 d6 7. exd6 Nf5 8. Nf3 Bxd6 9. d3 Qc7 ({RR} 9... O-O 10. O-O Qc7 11. g3 Bd7 12. Ne4 Be7 13. c3 Nd6 14. Ba2 Rfd8 15. Qc2 b5 16. Be3 Nxe4 17. dxe4 c4 18. Bb1 e5 19. fxe5 Nxe5 20. Nxe5 Qxe5 21. Bd4 Bc5 22. Qf2 Bxd4 23. cxd4 Qe7 24. axb5 {0-1 Sai Agni Jeevitesh,J (2274)-Jimenez,M (1946) Titled Tue 16th Apr Early 2024 (9)}) ({RR} 9... b6 10. Ne4 Be7 11. O-O Bb7 12. Bd2 Nd6 13. Nxd6+ Qxd6 14. c3 Na5 15. Ne5 Nxc4 16. Nxc4 Qxd3 17. Nxb6 Rd8 18. Rf2 c4 19. Qf1 Bc5 20. Nxc4 Bxf2+ 21. Kxf2 Qxf1+ 22. Rxf1 Bd5 23. Ne3 Bxg2 24. Kxg2 {0-1 Salman,S (1505)-El Jawich,A (2238) Beirut op 10th 2019 (2)}) 10. g3 O-O $146 ({RR} 10... b6 11. Ne4 Bb7 12. O-O h5 13. Qe1 Ncd4 14. Nxd4 Nxd4 15. Qf2 O-O-O 16. Be3 Nf5 17. Ng5 Qc6 18. Nf3 g5 19. fxg5 h4 20. g4 Ng3 21. hxg3 hxg3 22. Qd2 Rh2 23. Qc3 Qxf3 24. Rxf3 Bxf3 25. Bxa6+ {0-1 Urgel Varela,F (1831)-Bayona Bafaluy,J (1759) Aragon-chT Preferente A 2014 (2.48)}) ({RR} 10... h5 11. O-O Bd7 12. Ne4 Be7 13. Nfg5 Na5 14. Ba2 c4 15. c3 Rd8 16. d4 Bc6 17. Qe2 Bd5 18. Bd2 Qc6 19. Rae1 Qxa4 20. Bb1 Nb3 21. Nc5 Nxc5 22. Bxf5 Rd7 23. Qe5 Kf8 24. dxc5 exf5 25. Qxf5 {½-½ Buckan,J (2060)-Miezis,N (2510) Kiel op 15th 2002 (2)}) 11. Ne4 Be7 12. c3 Rb8 13. Qe2 b5 14. Bb3 Bb7 15. g4 Nh4 16. g5 Nf5 17. Bc2 Bd6 18. O-O Nce7 19. Nxd6 Qxd6 20. axb5 axb5 21. Ne5 f6 22. gxf6 gxf6 23. Nf3 Kh8 24. Kf2 Ng6 25. Qd2 Rg8 26. d4 Bxf3 27. Kxf3 Ngh4+ 28. Ke2 Rg2+ 29. Rf2 Qd5 30. Qe1 Rbg8 31. Kd1 Rxf2 32. Qxf2 Qh1+ 33. Ke2 Rg2 34. Ra8+ Kg7 35. Ra7+ Kh6 36. Be3 Rxf2+ 37. Bxf2 Qf3+ 38. Ke1 Ng2+ 39. Kf1 Nge3+ 40. Ke1 Nxc2+ 41. Kd2 Qxf2+ 0-1

[Event "45th Olympiad 2024"]
[Site "Budapest HUN"]
[Date "2024.09.14"]
[Round "4.54"]
[Board "2"]
[White "Khoder, Akram"]
[Black "Barcon, Harmon"]
[Result "1-0"]
[WhiteElo "2239"]
[BlackElo "1968"]
[PlyCount "137"]
[EventDate "2024.09.11"]
[WhiteTeam "Lebanon"]
[BlackTeam "Liberia"]
[WhiteTeamCountry "LBN"]
[BlackTeamCountry "LBR"]

1. d4 d5 2. c4 c6 3. Nf3 Nf6 4. g3 e6 5. Bg2 Bb4+ 6. Nbd2 O-O 7. O-O Nbd7 8. Qc2 Bxd2 ({RR} 8... b6 9. e4 Bxd2 10. Nxd2 dxe4 11. Nxe4 Bb7 12. Nd6 Qc7 13. c5 Ba6 14. Rd1 Nd5 15. Bd2 Be2 16. Re1 Bh5 17. b4 Bg6 18. Qc4 Rfd8 19. Rac1 N7f6 20. Bg5 b5 21. Qb3 h6 22. Bxf6 Nxf6 23. a4 {½-½ Dubov,D (2711)-Kovalev,V (2623) Chess.com Rapid Wk9 Swiss 2022 (1)}) ({RR} 8... Qe7 9. e4 dxe4 10. Nxe4 Nxe4 11. Qxe4 h6 12. a3 Bd6 13. Bf4 Nf6 14. Bxd6 Qxd6 15. Qe5 Rd8 16. Rad1 Ne8 17. c5 Qxe5 18. Nxe5 Nc7 19. Nc4 Rb8 20. Rd3 Bd7 21. a4 b5 22. cxb6 axb6 23. Ne5 {0-1 Coppola,C (2306)-Izquierdo,D (2102) 6th Marcel Duchamp Cup 2023 (3.9)}) 9. Bxd2 $146 ({RR} 9. Nxd2 e5 10. e4 exd4 11. cxd5 cxd5 12. exd5 Ne5 13. Nc4 d3 14. Qc3 Nxc4 15. Qxc4 Bf5 16. Bf4 Qb6 17. Be5 Rac8 18. Qf4 Bg6 19. Rac1 Rc2 20. Bc3 Rd8 21. Qa4 h6 22. Rce1 Bh5 23. Bxf6 Qxf6 {½-½ Amiridou,D (1871)-Drakaki,A (1956) 44th ch-GRE Women 2022 (7.3)}) 9... Ne4 10. Bf4 Re8 11. a4 a5 12. Rfe1 Nf8 13. Ne5 Nf6 14. c5 Ng6 15. Nxg6 hxg6 16. Rab1 Nd7 17. e4 dxe4 18. Bd6 f5 19. f3 exf3 20. Bxf3 Nf6 21. Re3 Nd5 22. Bxd5 cxd5 23. Rb3 Ra6 24. Be5 Rc6 25. Rb5 b6 26. b4 axb4 27. R1xb4 bxc5 28. Rxc5 Rxc5 29. Qxc5 Qg5 30. Qc3 Ba6 31. Bf4 Qg4 32. Qe1 Qf3 33. Rb6 Bd3 34. Rb3 Kh7 35. Qb1 Bxb1 36. Rxf3 Ra8 37. Ra3 Ra6 38. a5 Be4 39. h4 Kg8 40. Kf2 Kf7 41. Bc7 Bh1 42. Ke3 Bg2 43. Ra1 Be4 44. Rc1 Ra8 45. Bb6 Kg8 46. Rc7 Bg2 47. Kf4 Bf1 48. Kg5 Kh7 49. Rf7 Bd3 50. Re7 Rc8 51. Bc7 Rg8 52. Be5 Bc4 53. Ra7 Bd3 54. a6 Bb5 55. Kf4 Kh6 56. Ke3 g5 57. Re7 gxh4 58. Rxe6+ Kh5 59. Rb6 Bxa6 60. Rxa6 g5 61. gxh4 Kxh4 62. Kf3 Kh5 63. Rf6 f4 64. Rf5 Rc8 65. Bxf4 Rc3+ 66. Be3 Kh4 67. Rxd5 g4+ 68. Kf4 g3 69. Rd8 1-0

[Event "45th Olympiad 2024"]
[Site "Budapest HUN"]
[Date "2024.09.14"]
[Round "4.54"]
[Board "3"]
[White "Obediah Saah"]
[Black "Assaad, Joe"]
[Result "0-1"]
[WhiteElo "1976"]
[BlackElo "2150"]
[PlyCount "92"]
[EventDate "2024.09.11"]
[WhiteTeam "Liberia"]
[BlackTeam "Lebanon"]
[WhiteTeamCountry "LBR"]
[BlackTeamCountry "LBN"]

1. d4 Nf6 2. c4 e6 3. Nc3 Bb4 4. Qc2 d5 5. Bg5 O-O 6. e3 h6 7. Bh4 Nbd7 ({RR} 7... c5 8. Nf3 cxd4 9. exd4 Nc6 10. Rd1 b6 11. cxd5 exd5 12. Be2 Be7 13. O-O Be6 14. Ne5 Rc8 15. Ba6 Nb4 16. Qa4 Nxa6 17. Qxa6 Ne4 18. Bxe7 Qxe7 19. Nxe4 dxe4 20. d5 Bd7 21. Qxa7 Qxe5 22. Qxd7 {½-½ Korobov,A (2688)-Seo,J (2455) Titled Tuesday intern op 15th Sept blitz 2020 (5)}) 8. cxd5 ({RR} 8. Bd3 a6 9. cxd5 exd5 10. Nf3 Re8 11. O-O c6 12. a3 Be7 13. b4 Ne4 14. Bxe7 Qxe7 15. Bxe4 dxe4 16. Nd2 Nf6 17. Rfb1 Bf5 18. Na4 Be6 19. Qc5 Bd5 20. Nb6 Rab8 21. a4 Qe6 22. b5 Nd7 {1-0 Colas,J (2224)-Patel,M (2005) Marshall Labor Day SchevC 2024 (8.4)}) 8... exd5 9. Bd3 c5 10. Nf3 $146 ({RR} 10. Nge2 c4 11. Bh7+ Kh8 12. Bf5 g6 13. Bh3 Nb6 14. Bxc8 Rxc8 15. O-O Re8 16. a3 Bf8 17. Qd2 Ne4 18. Bxd8 Nxd2 19. Bxb6 Nxf1 20. Kxf1 axb6 21. Nxd5 Rc6 22. Nec3 Rd8 23. e4 Kg7 24. Rd1 h5 {1-0 Sliwa,B-Szukszta,J POL-ch16 Lodz 1959 (6)}) 10... c4 11. Be2 g5 12. Bg3 Ne4 13. Nd2 Ndf6 14. Ndxe4 Nxe4 15. O-O Bxc3 16. bxc3 Bf5 17. Qb2 Qd7 18. a4 Bg6 19. f3 Nxg3 20. hxg3 f5 21. f4 Rae8 22. Kf2 Rf6 23. Rfe1 Rfe6 24. Bf3 g4 25. Bd1 Qe7 26. Qd2 h5 27. e4 fxe4 28. Ke3 Rf8 29. Qf2 Ref6 30. Rh1 Rb6 31. Qa2 Be8 32. a5 Ra6 33. Qb2 Qc7 34. Qa3 Raf6 35. Rf1 h4 36. Qc5 Bc6 37. gxh4 Rxf4 38. Be2 Rxf1 39. Rxf1 Qg3+ 40. Kd2 e3+ 41. Kd1 Rxf1+ 42. Bxf1 Ba4+ 43. Kc1 Qe1+ 44. Kb2 Qd2+ 45. Kb1 Qc2+ 46. Ka1 Qc1+ 0-1

[Event "45th Olympiad 2024"]
[Site "Budapest HUN"]
[Date "2024.09.14"]
[Round "4.54"]
[Board "4"]
[White "Kassis, Antoine LIB"]
[Black "Arnold Smith"]
[Result "1/2-1/2"]
[WhiteElo "2085"]
[BlackElo "1915"]
[PlyCount "99"]
[EventDate "2024.09.11"]
[WhiteTeam "Lebanon"]
[BlackTeam "Liberia"]
[WhiteTeamCountry "LBN"]
[BlackTeamCountry "LBR"]

1. e4 e5 2. Nf3 Nc6 3. d4 exd4 4. Nxd4 Nf6 5. Nxc6 bxc6 6. e5 Nd5 7. c4 Nb6 8. Bd3 Bb4+ 9. Bd2 Bxd2+ 10. Nxd2 O-O ({RR} 10... d5 11. exd6 cxd6 12. O-O O-O 13. Ne4 d5 14. cxd5 cxd5 15. Nc5 Nd7 16. Rc1 Nxc5 17. Rxc5 Qb6 18. Qc2 g6 19. Rxd5 Be6 20. Rb5 Qd4 21. Rd1 Rac8 22. Qb1 Qg4 23. h3 Qf4 24. a3 Rfd8 25. Rb4 {½-½ Durarbayli,V (2618)-Villarreal,A (2292) Titled Tue 25th Jun Early 2024 (3)}) 11. Qc2 h6 12. O-O $146 ({RR} 12. O-O-O Qg5 13. Rde1 Re8 14. h4 Qe7 15. Ne4 Bb7 16. f4 d5 17. exd6 cxd6 18. c5 dxc5 19. Qxc5 Rad8 20. Qf5 f6 21. Ng5 Qxe1+ 22. Rxe1 Rxe1+ 23. Kd2 Rde8 24. Qh7+ Kf8 25. Qh8+ Ke7 26. Qxg7+ Kd8 {1-0 Shakhov,M (2028)-Valkama,A (1522) Wch U14 Durban 2014 (6)}) 12... d6 13. Rae1 Nd7 14. Nf3 Nc5 15. Bh7+ Kh8 16. b4 Ne6 17. Be4 d5 18. Rd1 Bb7 19. b5 Qc8 20. cxd5 cxd5 21. Bf5 Qd7 22. Qb2 Qe7 23. Bxe6 Qxe6 24. Rfe1 Rae8 25. Nd4 Qb6 26. Qc3 a6 27. Rb1 Bc8 28. a4 axb5 29. Rxb5 Qa6 30. Ra5 Qg6 31. f4 Bf5 32. Nxf5 Qxf5 33. g3 Qd7 34. Ra7 Rc8 35. Rc1 d4 36. Qd3 Rfd8 37. Rc4 Qd5 38. Raxc7 Rxc7 39. Rxc7 Rb8 40. Rc4 Rb1+ 41. Qxb1 Qxc4 42. Kf2 Qxa4 43. Qe4 Qa2+ 44. Kf3 Qb3+ 45. Ke2 Qb2+ 46. Kf3 Qc3+ 47. Ke2 Qb2+ 48. Kf3 Qa1 49. Kf2 Qb2+ 50. Kf3 1/2-1/2

[Event "45th Olympiad 2024"]
[Site "Budapest HUN"]
[Date "2024.09.14"]
[Round "4.55"]
[Board "1"]
[White "Razanadrakotoarisoa, Toavina"]
[Black "Ndahangwapo, Heskiel"]
[Result "0-1"]
[WhiteElo "2147"]
[BlackElo "2011"]
[PlyCount "74"]
[EventDate "2024.09.11"]
[WhiteTeam "Madagascar"]
[BlackTeam "Namibia"]
[WhiteTeamCountry "MAD"]
[BlackTeamCountry "NAM"]

1. e4 c5 2. Nf3 e6 3. d4 cxd4 4. Nxd4 a6 5. Nc3 Qc7 6. Be3 Nf6 7. a3 b5 8. Bd3 Nc6 9. Nxc6 dxc6 10. f4 ({RR} 10. O-O e5 11. a4 b4 12. Nb1 Ng4 13. Bc1 Bc5 14. Nd2 Qe7 15. h3 Nf6 16. Nb3 Bd6 17. Be3 O-O 18. Qd2 a5 19. Rfd1 Be6 20. Qe2 Rfb8 21. Bg5 Bxb3 22. cxb3 Bc5 23. Rac1 Rb6 24. Rxc5 Qxc5 {1-0 Socko,B (2629)-Ksieski,Z (2424) POL-chT 64th 2008 (4)}) ({RR} 10. O-O e5 11. h3 Bd6 12. Ne2 Be6 13. Ng3 c5 14. c4 bxc4 15. Bc2 O-O 16. Nf5 Rfd8 17. Nxd6 Rxd6 18. Qe2 Rb6 19. Bc1 Nd7 20. Qe3 f6 21. Qg3 Kh8 22. Qh4 Bg8 23. Ba4 Nf8 24. Qg3 Ne6 {0-1 Basilio,R (1808)-Bubalovic,D (2249) Lisbon Portugal op 2019 (1)}) 10... e5 11. Qf3 $146 ({RR} 11. f5 Bb7 12. g4 h6 13. Be2 Rd8 14. Qc1 Be7 15. Bf3 c5 16. O-O b4 17. Nd5 Bxd5 18. exd5 e4 19. Bf4 Qb6 20. d6 c4+ 21. Kh1 Bxd6 22. Bxd6 Rxd6 23. Bxe4 Nxe4 24. Qe1 Qc6 25. Rf4 Re6 {0-1 Saurabh,A (2168)-Srijit,P (2274) IND-ch U15 Jammu 2015 (9)}) 11... Ng4 12. f5 Nxe3 13. Qxe3 Bd6 14. Qg3 f6 15. O-O O-O 16. Rfd1 Bb7 17. a4 Rfd8 18. Kh1 Bf8 19. h4 Qe7 20. h5 h6 21. Qf3 Kh8 22. b3 Qc5 23. Ne2 Bc8 24. Ng1 Bd7 25. Qe2 Be8 26. g4 Ra7 27. Nf3 Rad7 28. axb5 axb5 29. c4 Qb4 30. Qc2 Bf7 31. Rab1 Qc5 32. Nh4 Qe3 33. Bf1 Rd2 34. Rxd2 Rxd2 35. Qc1 Qf2 36. Ng2 Bc5 37. Kh2 Qh4# 0-1

[Event "45th Olympiad 2024"]
[Site "Budapest HUN"]
[Date "2024.09.14"]
[Round "4.55"]
[Board "2"]
[White "Eichab, Charles"]
[Black "Andrianiaina, Heritiana"]
[Result "0-1"]
[WhiteElo "2013"]
[BlackElo "2149"]
[PlyCount "64"]
[EventDate "2024.09.11"]
[WhiteTeam "Namibia"]
[BlackTeam "Madagascar"]
[WhiteTeamCountry "NAM"]
[BlackTeamCountry "MAD"]

1. c4 Nf6 2. Nf3 e6 3. e3 d5 4. Nc3 Bd6 5. Be2 ({RR} 5. b3 O-O 6. g3 c5 7. Bg2 Nc6 8. cxd5 exd5 9. O-O Re8 10. Bb2 d4 11. Ne2 Qe7 12. Re1 dxe3 13. dxe3 Bf5 14. Nh4 Bd7 15. Qb1 Be5 16. Bxe5 Qxe5 17. a3 Qe7 18. Qc2 Rac8 19. Rad1 g6 {½-½ Aronian,L (2765)-So,W (2765) Tata Steel India blitz 2018 (6)}) 5... dxc4 $146 ({RR} 5... O-O 6. O-O b6 7. b3 Bb7 8. Bb2 a6 9. Rc1 Nbd7 10. d4 Qe7 11. Qc2 Ne4 12. cxd5 exd5 13. Nxe4 dxe4 14. Ne5 Rac8 15. Nc4 f5 16. Nxd6 Qxd6 17. Qd2 Nf6 18. a4 a5 19. Bc4+ Bd5 20. Rc2 {1-0 Zimmermann,R (2200)-Schiffer,K (2290) Duesseldorf 1992 (1)}) ({RR} 5... O-O 6. b3 b6 7. Bb2 Bb7 8. Qc2 a6 9. d3 Nbd7 10. O-O c5 11. cxd5 exd5 12. d4 Rc8 13. dxc5 bxc5 14. Rad1 Re8 15. Qb1 Qe7 16. Rd2 Ne5 17. Nxe5 Qxe5 18. g3 d4 19. Nd1 Ne4 20. Rd3 {0-1 Herman,D (1936)-Ter Sahakyan,S (2616) Titled Tue 2nd Jul Late 2024 (9)}) ({RR} 5... O-O 6. O-O e5 7. cxd5 e4 8. Ng5 h6 9. Ncxe4 Nxe4 10. Nxe4 Be5 11. d4 Bd6 12. b3 Be7 13. Bb2 Qxd5 14. Qd3 Bf5 15. Bf3 Nc6 {1-0 Janse Van Vuren,E (961)-Smit,A (993) RSA-ch U10 Waterkloof 2015 (5)}) 6. Qa4+ Nc6 7. Qxc4 e5 8. d3 O-O 9. Bd2 Nb4 10. Qb3 Be6 11. Qd1 Bf5 12. e4 Bg4 13. Be3 Bxf3 14. Bxf3 Bc5 15. Ke2 Qd6 16. a3 Nc6 17. b4 Bb6 18. Rc1 Rfd8 19. Qc2 a5 20. b5 Nd4+ 21. Bxd4 Qxd4 22. Nd1 a4 23. Ne3 Ra5 24. Rb1 Qd7 25. Qc4 Bc5 26. Nc2 b6 27. Rhd1 Ng4 28. Bxg4 Qxg4+ 29. Kf1 Qf4 30. d4 exd4 31. Nxd4 Qxe4 32. Nc6 Qxc4+ 0-1

[Event "45th Olympiad 2024"]
[Site "Budapest HUN"]
[Date "2024.09.14"]
[Round "4.55"]
[Board "3"]
[White "Andriamasoandro, Miora"]
[Black "Schwarz, Bernhard"]
[Result "1-0"]
[WhiteElo "2116"]
[BlackElo "1875"]
[PlyCount "71"]
[EventDate "2024.09.11"]
[WhiteTeam "Madagascar"]
[BlackTeam "Namibia"]
[WhiteTeamCountry "MAD"]
[BlackTeamCountry "NAM"]

1. d4 Nf6 2. c4 c5 3. d5 b5 4. cxb5 a6 5. bxa6 Bxa6 6. Nc3 g6 7. Nf3 Bg7 8. g3 O-O 9. Bg2 d6 10. O-O Nbd7 11. Rb1 Qa5 12. Bd2 Rfb8 13. b3 Ng4 14. Qc2 Nge5 15. Ne1 ({RR} 15. Ng5 c4 16. b4 Rxb4 17. Rxb4 Qxb4 18. h3 Nc5 19. f4 Ned7 20. f5 Nf6 21. fxg6 hxg6 22. Nxf7 Kxf7 23. Ne4 Qa4 24. Ng5+ Kg8 25. Qxg6 Qe8 26. Qc2 Qa4 27. Qb1 Qb5 28. Qf5 Bc8 29. Qg6 Qe8 {0-1 Rusev,K (2521)-Nestorovic,N (2421) Bar op-A 2008 (4)}) ({RR} 15. Nxe5 Nxe5 16. Rfe1 Qd8 17. h3 Nd7 18. Nd1 Bb7 19. Bc3 Nf6 20. e4 Ba6 21. Ne3 Nd7 22. Bxg7 Kxg7 23. Nc4 Bxc4 24. bxc4 Qa5 25. Re2 Qxa2 26. Qxa2 Rxa2 27. Rxb8 Rxe2 28. Rb7 Ne5 29. Bf1 Rxe4 {0-1 Jian,A (2031)-Miranda,R (2267) Titled Tue 27th Aug Early 2024 (5)}) 15... c4 16. b4 Qc7 $146 ({RR} 16... Qa3 17. b5 Bc8 18. Qd1 Nc5 19. Nc2 Qa7 20. Nb4 Bf5 21. Rc1 Rb7 22. Be3 Qa3 23. Nc6 Na4 24. Bd4 Nxc3 25. Rxc3 Qxa2 26. Bxe5 dxe5 27. d6 e4 28. Rc2 Qb3 29. dxe7 Rd7 30. Rd2 Qxd1 31. Rfxd1 {1-0 Khatoev,E (2409)-Meszaros,A (2250) Kecskemet Caissa IM 07 2014 (11)}) 17. h3 Rc8 18. Rc1 Rcb8 19. f4 Nd3 20. exd3 cxd3 21. Nxd3 Qb6+ 22. Kh2 Rc8 23. Qb1 Qd4 24. b5 Bb7 25. Rfe1 Nb6 26. Be3 Qf6 27. Ne4 Qf5 28. Bxb6 Bxd5 29. g4 Qe6 30. Nc3 Rxc3 31. Rxc3 Rxa2 32. Rc2 Be5 33. fxe5 dxe5 34. Nf4 Rxc2 35. Qxc2 Qd6 36. Bc7 1-0

[Event "45th Olympiad 2024"]
[Site "Budapest HUN"]
[Date "2024.09.14"]
[Round "4.55"]
[Board "4"]
[White "Khoa, Goodwill"]
[Black "Rakotomaharavo, Dylan"]
[Result "0-1"]
[WhiteElo "1890"]
[BlackElo "2078"]
[PlyCount "68"]
[EventDate "2024.09.11"]
[WhiteTeam "Namibia"]
[BlackTeam "Madagascar"]
[WhiteTeamCountry "NAM"]
[BlackTeamCountry "MAD"]

1. e4 c5 2. Nf3 Nc6 3. d4 cxd4 4. Nxd4 Nf6 5. Nc3 e6 6. Be3 Bb4 7. Nxc6 bxc6 8. Bd3 O-O ({RR} 8... d5 9. Bd2 O-O 10. exd5 cxd5 11. a3 Be7 12. O-O a5 13. Qf3 Ba6 14. Bxa6 Rxa6 15. Nb5 a4 16. Qe2 Qb6 17. b4 Rc8 18. Be3 Qb7 19. Rac1 Rc4 20. Nd4 Ne4 21. Nf3 Bf6 22. Nd2 Nc3 23. Qd3 {0-1 Nazari,A (2375)-Zemlyanskii,I (2492) Titled Tue 2nd Jan Early 2024 (8)}) 9. O-O d5 10. Bg5 h6 $146 ({RR} 10... Bxc3 11. bxc3 dxe4 12. Bxf6 Qxf6 13. Bxe4 Qxc3 14. Rb1 Ba6 15. Rb3 Qc5 16. Re1 Rad8 17. Qf3 Qa5 18. Rbe3 c5 19. Qh5 f5 20. Bf3 Rfe8 21. Bc6 Re7 22. Qh4 Qc7 23. Rh3 g6 24. Ra3 Rd4 25. Qf6 {½-½ Nieto,A (2019)-Restrepo,H (1687) Manizales op 26th 2017 (2)}) 11. Bh4 Be7 12. e5 Nd7 13. Bxe7 Qxe7 14. Qh5 f5 15. f4 Rb8 16. Rab1 Kh7 17. g4 g6 18. Qh3 Nc5 19. Be2 d4 20. b4 fxg4 21. Bxg4 dxc3 22. bxc5 Qxc5+ 23. Kg2 Rxb1 24. Rxb1 Qd5+ 25. Kg3 Qd2 26. Qf1 h5 27. Bd1 h4+ 28. Kg4 Qxh2 29. Qf3 Ba6 30. Rb4 Qg1+ 31. Kh3 Bf1+ 32. Kxh4 g5+ 33. Kh5 Qh2+ 34. Kxg5 Qh6+ 0-1

[Event "45th Olympiad 2024"]
[Site "Budapest HUN"]
[Date "2024.09.14"]
[Round "4.56"]
[Board "1"]
[White "Yeung, Jason"]
[Black "Bai, Adelard"]
[Result "0-1"]
[WhiteElo "1993"]
[BlackElo "2378"]
[PlyCount "50"]
[EventDate "2024.09.11"]
[WhiteTeam "Suriname"]
[BlackTeam "Chinese Taipei"]
[WhiteTeamCountry "SUR"]

1. e4 c5 2. Nf3 Nc6 3. b3 d6 4. Bb2 e5 5. Bc4 Be7 6. c3 Nf6 7. Qe2 O-O 8. Na3 $146 ({RR} 8. h3 a6 9. d3 Qc7 10. Nbd2 b5 11. Bd5 Nxd5 12. exd5 Nb8 13. d4 f6 14. dxc5 Qxc5 15. c4 Nd7 16. O-O f5 17. Nd4 exd4 18. Qxe7 Ne5 19. Qh4 bxc4 20. Bxd4 Qxd5 21. Bxe5 dxe5 22. Nxc4 Bb7 {1-0 Ridameya Tatche,J (2109)-Molano Lafuente,I (1951) Barbera del Valles op-A 30th 2007 (2)}) ({RR} 8. O-O a6 9. d4 cxd4 10. cxd4 Bg4 11. d5 Nb8 12. Nbd2 b5 13. Bd3 Nbd7 14. a4 bxa4 15. Rxa4 Nc5 16. Ra3 Nh5 17. g3 Bg5 18. h3 Bxh3 19. Nxg5 Qxg5 20. Nf3 Bxf1 21. Qxf1 Qf6 22. Be2 Nxe4 {0-1 Vokhidov,S (2601)-Kilic,E (2415) Titled Tue 7th Feb Early 2023 (4)}) ({RR} 8. h3 a6 9. O-O b5 10. Bd3 Nh5 11. Bc2 Nf4 12. Qe3 Bg5 13. Kh2 Bh6 14. Qe1 Qf6 15. d4 Nxg2 16. Kxg2 Bxh3+ 17. Kxh3 Qxf3+ 18. Kh2 Bf4+ 19. Kg1 Qg4+ {0-1 Karlsson,J (2056)-Olsson,W (2373) Elite Hotels Vaxjo Open 2024 (8.8)}) ({RR} 8. d4 cxd4 9. cxd4 exd4 10. Nxd4 d5 11. exd5 Bb4+ 12. Kd1 Nxd5 13. Nxc6 bxc6 14. Qe5 Nf6+ 15. Kc2 Re8 16. Rd1 Qxd1+ 17. Kxd1 Rxe5 18. Bxe5 Ng4 19. Bg3 Bf5 20. a3 Bc5 21. h3 Nxf2+ 22. Bxf2 Bxf2 {½-½ Stranz,R (2323)-Schumi,M (2220) AUT-chT2O 0304 2003 (3.3)}) 8... a6 9. O-O b5 10. Bd5 Nxd5 11. exd5 Nb8 12. d4 b4 13. cxb4 cxd4 14. Rfe1 Re8 15. Nd2 Bb7 16. f4 Bxd5 17. fxe5 dxe5 18. Qxe5 Nc6 19. Qf4 Bxb4 20. Nc2 Bc5 21. Rxe8+ Qxe8 22. Re1 Qd7 23. Nxd4 Qa7 24. Re5 Bxd4+ 25. Bxd4 Nxd4 0-1

[Event "45th Olympiad 2024"]
[Site "Budapest HUN"]
[Date "2024.09.14"]
[Round "4.56"]
[Board "2"]
[White "Song, Raymond"]
[Black "Kalidjo, Imaan"]
[Result "1-0"]
[WhiteElo "2503"]
[BlackElo "1934"]
[PlyCount "73"]
[EventDate "2024.09.11"]
[WhiteTeam "Chinese Taipei"]
[BlackTeam "Suriname"]
[BlackTeamCountry "SUR"]

1. d4 g6 2. e4 Bg7 3. Nf3 d6 4. Be2 Nf6 5. Nc3 c6 6. a4 Qc7 7. O-O O-O 8. h3 e5 9. dxe5 dxe5 10. Bc4 b6 11. Be3 ({RR} 11. Qe2 a5 12. Be3 Ba6 13. Nd2 Nh5 14. Bxa6 Nxa6 15. Nc4 Nf4 16. Qf3 Rab8 17. Rfd1 Ne6 18. Qg3 Kh8 19. Rd6 Nd4 20. Nxe5 Nxc2 21. Rad1 Nxe3 22. fxe3 Rbe8 23. Nd7 Nc5 24. Nxf8 Bxf8 25. Rxg6 Qxg3 {1-0 Georgescu,L (2218)-Levacic,D (2103) TCh-SUI 2024 (3.5)}) 11... Ba6 12. Qe2 Bxc4 13. Qxc4 Rc8 $146 ({RR} 13... Nbd7 14. Rad1 Rac8 15. Rd2 Qb7 16. Rfd1 a6 17. Bg5 b5 18. axb5 cxb5 19. Qe2 Nc5 20. Bxf6 Bxf6 21. Nd5 Bg7 22. c4 bxc4 23. Qxc4 Nb3 24. Ne7+ Qxe7 25. Qxb3 Rb8 26. Qc4 Qb4 27. Qxa6 Qxe4 28. Re1 {½-½ Bodrova,N (2005)-Petrova,I (1985) UKR-ch U20 Girls 2010 (6)}) 14. Rad1 a6 15. Qb3 c5 16. Nd5 Nxd5 17. Rxd5 Nc6 18. c3 h6 19. Rfd1 Rd8 20. Qc4 a5 21. Qb5 Rxd5 22. Rxd5 Kh7 23. Nd2 Bf8 24. Qd3 Rd8 25. Rxd8 Nxd8 26. Qb5 Qb7 27. f3 Bd6 28. Nc4 Bc7 29. Qd7 Qc6 30. Qe7 Ne6 31. Qxf7+ Ng7 32. b3 Bb8 33. h4 Bc7 34. Qe7 h5 35. Bg5 Kg8 36. Bf6 Ne6 37. Bxe5 1-0